Odmiana rzeczownika przez przypadki - Statystyki

Ogólne statystyki
  • Ten quiz został rozwiązany 116 razy
  • Średni wynik to 7 z 7
Statystyki odpowiedzi
odp. na pytania odpowiedź % Poprawnych
Kogo? Co? Biernik
99%
Kto? Co? Mianownik
98%
Kogo? Czego? Dopełniacz
97%
O! Wołacz
97%
Komu? Czemu? Celownik
94%
O kim? O czym? Miejscownik
94%
Z kim? Z czym? Narzędnik
86%
Nie znaleziono quizów pasujących do podanych kryteriów
Rozkład punktacji
Procent ludzi z każdym wynikiem
Percentyl według liczby udzielonych odpowiedzi
Twoja historia wyników
Nie rozwiązałeś tego quizu